000 00676cam a2200157 4500500
005 20260111090637.0
041 _afre
042 _adc
100 1 0 _aCampana, Marie-Noëlle
_eauthor
245 0 0 _aShan sa, Impératrice. Albin Michel, 2003, 440 pages, 22 €
260 _c2003.
500 _a65
520 _aRésuméL’humanité est confrontée à l’urgence absolue de retrouver Souffle. Ce lieu-là, ce lieu extrême, est celui de l’Evangile, du grand Avènement. Il est notre présent.
786 0 _nÉtudes | 399 | 11 | 2003-11-01 | p. 557b-575b | 0014-1941
856 4 1 _uhttps://shs.cairn.info/revue-etudes-2003-11-page-557b?lang=fr&redirect-ssocas=7080
999 _c1619332
_d1619332